| 000 | 00438nam a2200169Ia 4500 | ||
|---|---|---|---|
| 008 | 230524s9999 xx 000 0 und d | ||
| 082 |
_a6.133 _bMAN |
||
| 100 | _aKenneth C.Mansfield Jr. | ||
| 245 | 3 | _aAn Introduction to Computer Networking (With CD) | |
| 250 | _a1ST | ||
| 260 |
_aNEW DELHI _bPearson _c2002 |
||
| 300 | _aXI;569 | ||
| 500 | _aQuantity Number: 2 | ||
| 650 | _aComp-Sc | ||
| 700 | _a James L.Antonakos | ||
| 942 | _cBK | ||
| 999 |
_c36561 _d36561 |
||